Essentials of sociology (Record no. 84761)

MARC details
000 -LEADER
fixed length control field 00615nam a22002297a 4500
003 - CONTROL NUMBER IDENTIFIER
control field URS
005 - DATE AND TIME OF LATEST TRANSACTION
control field 20250828100456.0
008 - FIXED-LENGTH DATA ELEMENTS--GENERAL INFORMATION
fixed length control field 250327b ||||| |||| 00| 0 eng d
040 ## - CATALOGING SOURCE
Transcribing agency URS
050 ## - LIBRARY OF CONGRESS CALL NUMBER
Classification number HM51
Item number .B54 1989
100 1# - MAIN ENTRY--PERSONAL NAME
Personal name Brinkerhoff, David B.
245 ## - TITLE STATEMENT
Title Essentials of sociology
250 ## - EDITION STATEMENT
Edition statement 2nd Edition
264 ## - PRODUCTION, PUBLICATION, DISTRIBUTION, MANUFACTURE, AND COPYRIGHT NOTICE
Place of production, publication, distribution, manufacture St. Paul
Name of producer, publisher, distributor, manufacturer West Publishing Company
Date of production, publication, distribution, manufacture, or copyright notice ©1989
300 ## - PHYSICAL DESCRIPTION
Extent xviii, 379 pages
Other physical details illustrations ;
Dimensions 25 cm.
336 ## - CONTENT TYPE
Source rdacontent
Content type term text
337 ## - MEDIA TYPE
Source rdamedia
Media type term unmediated
338 ## - CARRIER TYPE
Source rdacarrier
Carrier type term volume
650 ## - SUBJECT ADDED ENTRY--TOPICAL TERM
Topical term or geographic name entry element Sociology
700 1# - ADDED ENTRY--PERSONAL NAME
Personal name White, Lynn K.
942 ## - ADDED ENTRY ELEMENTS (KOHA)
Koha item type Continuing Resources
Source of classification or shelving scheme Library of Congress Classification
Holdings
Withdrawn status Source of classification or shelving scheme Damaged status Not for loan Collection code Home library Current library Date acquired Total Checkouts Full call number Barcode Date last seen Copy number Price effective from Koha item type
  Library of Congress Classification     Non-fiction Morong Graduate Library Morong Graduate Library 11/15/2014   HM51 .B54 1989 URSMOR-GL-2772 11/15/2014 1 02/27/2019 Continuing Resources
  Library of Congress Classification     Non-fiction Morong Graduate Library Morong Graduate Library 03/27/2025   HM51 .B54 1989 URSMOR-GL-2773 03/27/2025 2 03/27/2025 Continuing Resources
  Library of Congress Classification     Non-fiction Morong Graduate Library Morong Graduate Library 03/27/2025   HM51 .B54 1989 URSMOR-GL-3077 03/27/2025   03/27/2025 Continuing Resources

University of Rizal System
Email us at univlibservices@urs.edu.ph

Visit our Website www.urs.edu.ph/library